[Event "Tch-CRO 1stB Liga 2017"]
[Site "Mali Losinj"]
[Date "2017.10.05"]
[Round "8.31"]
[White "Pijpers, Arthur"]
[Black "Livaic, Leon"]
[Result "1-0"]
[WhiteElo "2462"]
[BlackElo "2461"]
[PlyCount "79"]
[EventDate "2017.09.28"]
[EventType "team"]
[EventRounds "9"]
[EventCountry "CRO"]

1. e4 e6 2. d4 d5 3. Nc3 Bb4 4. e5 c5 5. a3 Bxc3+ 6. bxc3 Ne7 7. Qg4 Qc7 8.
Qxg7 Rg8 9. Qxh7 cxd4 10. Ne2 Nbc6 11. f4 dxc3 12. Qd3 d4 13. Nxd4 Nxd4 14.
Qxd4 Bd7 15. Rg1 Nf5 16. Qf2 Qc6 17. Bd3 Qd5 18. Be3 Bb5 19. Rd1 O-O-O 20. Bxa7
Bxd3 21. Rxd3 Qe4+ 22. Qe2 Qc6 23. Qf3 Rxd3 24. Qxc6+ bxc6 25. cxd3 Kb7 26. Bc5
Rh8 27. Kf2 Rxh2 28. Rc1 Ka6 29. Rxc3 Kb5 30. Rc1 Rh8 31. g4 Nh6 32. Kf3 Rg8
33. g5 Nf5 34. Bf2 Ra8 35. Rb1+ Ka4 36. Rb7 Rf8 37. Ke4 Re8 38. Rxf7 Kxa3 39.
Rxf5 exf5+ 40. Kxf5 1-0

[Event "Tch-CRO 1stB Liga 2017"]
[Site "Mali Losinj"]
[Date "2017.10.05"]
[Round "8.32"]
[White "Plat, Vojtech"]
[Black "Sprenger, Jan Michael"]
[Result "1/2-1/2"]
[WhiteElo "2539"]
[BlackElo "2514"]
[PlyCount "67"]
[EventDate "2017.09.28"]
[EventType "team"]
[EventRounds "9"]
[EventCountry "CRO"]

1. e4 c5 2. Nf3 e6 3. d4 cxd4 4. Nxd4 a6 5. Nc3 Qc7 6. Be2 Nf6 7. O-O Bb4 8.
Qd3 Nc6 9. Nf3 O-O 10. Bg5 Be7 11. Rad1 b5 12. a3 Bb7 13. Bxf6 Bxf6 14. Qxd7
Rac8 15. Qd2 Ne5 16. Nd4 Rfd8 17. Qe3 Qc5 18. Nb3 Qxe3 19. fxe3 Kf8 20. Rxd8+
Bxd8 21. Nd4 Ke7 22. a4 b4 23. Na2 a5 24. c3 bxc3 25. Nxc3 Bb6 26. Rd1 Bc5 27.
Kf2 g6 28. h3 h5 29. Bb5 Bb4 30. Nf3 Bxc3 31. bxc3 Kf6 32. Nxe5 Kxe5 33. c4 Rc7
34. h4 1/2-1/2

[Event "Tch-CRO 1stB Liga 2017"]
[Site "Mali Losinj"]
[Date "2017.10.05"]
[Round "8.33"]
[White "Doric, Darko"]
[Black "Repka, Christopher"]
[Result "1/2-1/2"]
[WhiteElo "2467"]
[BlackElo "2475"]
[PlyCount "115"]
[EventDate "2017.09.28"]
[EventType "team"]
[EventRounds "9"]
[EventCountry "CRO"]

1. d4 g6 2. c4 Bg7 3. e4 e6 4. Nc3 Ne7 5. Nf3 d5 6. cxd5 exd5 7. exd5 Nxd5 8.
Nxd5 Qxd5 9. Be2 c5 10. Be3 cxd4 11. Bxd4 Qa5+ 12. Qd2 Qxd2+ 13. Kxd2 Bh6+ 14.
Be3 Bxe3+ 15. Kxe3 Nc6 16. Bb5 Bd7 17. Rhd1 O-O-O 18. Rac1 a6 19. Bxc6 Bxc6 20.
Rxd8+ Kxd8 21. Ne5 Re8 22. Kd4 Bxg2 23. Nxf7+ Kd7 24. Rg1 Bh3 25. Ng5 Bf5 26.
Nxh7 Re2 27. Nf8+ Ke7 28. Nxg6+ Kf6 29. Nf8 Rxf2 30. b4 Rf4+ 31. Kd5 Kf7 32.
Ke5 Rf2 33. Rg5 Bc8 34. Ng6 Rxh2 35. Nf4 Rxa2 36. Rh5 Rc2 37. Rh7+ Ke8 38. Nd5
Rc6 39. Rh8+ Kf7 40. Rh7+ Kf8 41. Rc7 Rxc7 42. Nxc7 Ke7 43. Kd5 Kd8 44. Nxa6
bxa6 45. Kd4 Bh3 46. Ke3 Bf1 47. Kd4 Kd7 48. Kc3 Kc6 49. Kb2 Kb5 50. Kc1 Ka4
51. Kb2 Bc4 52. Ka1 Kb3 53. Kb1 Bd3+ 54. Ka1 Kc2 55. Ka2 Kc1 56. Ka1 Bf1 57.
Ka2 Bc4+ 58. Ka1 1/2-1/2

[Event "Tch-CRO 1stB Liga 2017"]
[Site "Mali Losinj"]
[Date "2017.10.05"]
[Round "8.34"]
[White "Vujakovic, Branko"]
[Black "Rade, Miroslav"]
[Result "0-1"]
[WhiteElo "2355"]
[BlackElo "2432"]
[PlyCount "42"]
[EventDate "2017.09.28"]
[EventType "team"]
[EventRounds "9"]
[EventCountry "CRO"]

1. e4 e5 2. Nf3 Nc6 3. Bb5 Nge7 4. Nc3 g6 5. d4 exd4 6. Nd5 Nxd5 7. exd5 Qe7+
8. Kf1 Ne5 9. Bf4 Bg7 10. Qxd4 f6 11. Re1 O-O 12. Nxe5 fxe5 13. Bxe5 Re8 14. f4
d6 15. Bxe8 dxe5 16. Bb5 Qf8 17. Rxe5 Bf5 18. Kf2 Bxe5 19. Qxe5 Qc5+ 20. Kg3
Qxb5 21. h3 Re8 0-1

[Event "Tch-CRO 1stB Liga 2017"]
[Site "Mali Losinj"]
[Date "2017.10.05"]
[Round "8.35"]
[White "Ivic, Mateo"]
[Black "Blazeka, Matej"]
[Result "0-1"]
[WhiteElo "2232"]
[BlackElo "2325"]
[PlyCount "80"]
[EventDate "2017.09.28"]
[EventType "team"]
[EventRounds "9"]
[EventCountry "CRO"]

1. e4 e5 2. Nf3 Nc6 3. d4 exd4 4. Nxd4 Bc5 5. Nb3 Bb6 6. Nc3 Nge7 7. Qe2 O-O 8.
Bg5 h6 9. Be3 d6 10. O-O-O f5 11. f4 fxe4 12. Bxb6 axb6 13. Qxe4 Bf5 14. Qf3
Kh8 15. a3 Ng6 16. g3 Qd7 17. Bd3 Bg4 18. Qe4 Nce7 19. Rde1 d5 20. Qg2 d4 21.
Ne4 c5 22. h3 Be6 23. Qe2 Bd5 24. h4 Nf5 25. Qg4 Qc6 26. Bb5 Qxb5 27. Qxg6 Qe8
28. Qxe8 Raxe8 29. Nbd2 Ne3 30. Nd6 Re6 31. Nb5 Bxh1 32. Rxh1 Nf5 33. g4 Ng3
34. f5 Nxh1 35. fxe6 Re8 36. Nc7 Re7 37. Nd5 Rxe6 38. Nc4 Nf2 39. g5 hxg5 40.
Nf4 Re1+ 0-1

[Event "Tch-CRO 1stB Liga 2017"]
[Site "Mali Losinj"]
[Date "2017.10.05"]
[Round "8.36"]
[White "Brumen, Dinko"]
[Black "Curic, Drazen"]
[Result "1-0"]
[WhiteElo "2338"]
[BlackElo "2223"]
[PlyCount "68"]
[EventDate "2017.09.28"]
[EventType "team"]
[EventRounds "9"]
[EventCountry "CRO"]

1. d4 d6 2. g3 g6 3. Bg2 Bg7 4. Nf3 Nf6 5. O-O O-O 6. c4 Ne4 7. Nc3 Nxc3 8.
bxc3 Nc6 9. e4 Na5 10. Qe2 c5 11. Be3 b6 12. Nd2 e5 13. Qd3 Ba6 14. f4 cxd4 15.
cxd4 Rc8 16. Rac1 Rc7 17. Bh3 Qe8 18. fxe5 dxe5 19. d5 Qa4 20. d6 Rd7 21. Bxd7
Qxd7 22. Bg5 f6 23. Be3 Rd8 24. Qd5+ Kh8 25. Rfd1 Bb7 26. Qb5 Bc6 27. Qb4 Nb7
28. Nb3 Bxe4 29. c5 Qg4 30. Nd2 Bf3 31. Qxg4 Bxg4 32. c6 Nxd6 33. Ne4 Bxd1 34.
Nxd6 Rxd6 1-0

[Event "Tch-CRO 1stB Liga 2017"]
[Site "Mali Losinj"]
[Date "2017.10.05"]
[Round "8.41"]
[White "Fercec, Nenad"]
[Black "Medvegy, Zoltan"]
[Result "1/2-1/2"]
[WhiteElo "2460"]
[BlackElo "2550"]
[PlyCount "47"]
[EventDate "2017.09.28"]
[EventType "team"]
[EventRounds "9"]
[EventCountry "CRO"]

1. e4 c5 2. Nf3 d6 3. d4 cxd4 4. Nxd4 Nf6 5. Nc3 a6 6. h3 e5 7. Nb3 Be6 8. Be3
Nbd7 9. Qd2 Rc8 10. g4 b5 11. O-O-O Be7 12. Re1 h6 13. f4 exf4 14. Bxf4 Ne5 15.
Qg2 Ng6 16. Bd2 Qb6 17. Nd5 Bxd5 18. exd5 Ne5 19. Bf4 Nfd7 20. h4 Ng6 21. Bg3
Nge5 22. Bf4 Ng6 23. Bg3 Nge5 24. Bf4 1/2-1/2

[Event "Tch-CRO 1stB Liga 2017"]
[Site "Mali Losinj"]
[Date "2017.10.05"]
[Round "8.42"]
[White "Rezan, Sasa"]
[Black "Tratar, Marko"]
[Result "1/2-1/2"]
[WhiteElo "2430"]
[BlackElo "2465"]
[PlyCount "81"]
[EventDate "2017.09.28"]
[EventType "team"]
[EventRounds "9"]
[EventCountry "CRO"]

1. d4 Nf6 2. c4 e6 3. Nc3 Bb4 4. Qc2 d6 5. Nf3 O-O 6. Bd2 c5 7. a3 Ba5 8. dxc5
dxc5 9. e4 Nc6 10. e5 Ng4 11. Bf4 Nd4 12. Nxd4 cxd4 13. O-O-O Bxc3 14. bxc3 Qa5
15. cxd4 Qxa3+ 16. Kb1 Qb4+ 17. Kc1 Qa3+ 18. Kb1 Qb4+ 19. Kc1 Bd7 20. Rd2 Rac8
21. Qb2 Qxb2+ 22. Kxb2 f6 23. exf6 Rxf6 24. Bg3 Rcf8 25. f3 Ne3 26. Bd3 Rc8 27.
Rc1 Rff8 28. Re2 Nf5 29. Bf2 a6 30. c5 Ne7 31. Bc4 Nd5 32. Bxd5 exd5 33. Re7
Rf7 34. Rce1 Rxe7 35. Rxe7 Bc6 36. Be1 Kf8 37. Re5 Re8 38. Rxe8+ Kxe8 39. Kc2
Bb5 40. Ba5 Bf1 41. g3 1/2-1/2

[Event "Tch-CRO 1stB Liga 2017"]
[Site "Mali Losinj"]
[Date "2017.10.05"]
[Round "8.43"]
[White "Zufic, Miroslav"]
[Black "Sinanovic, Muhamed"]
[Result "0-1"]
[WhiteElo "2395"]
[BlackElo "2376"]
[PlyCount "106"]
[EventDate "2017.09.28"]
[EventType "team"]
[EventRounds "9"]
[EventCountry "CRO"]

1. e4 c5 2. Nf3 d6 3. d4 cxd4 4. Nxd4 Nf6 5. Nc3 a6 6. g3 g6 7. Bg2 Bg7 8. O-O
O-O 9. h3 Nc6 10. Nde2 Rb8 11. a4 Re8 12. Bg5 Be6 13. Nd5 Bxd5 14. exd5 Na5 15.
b3 Qc7 16. Ra2 Nd7 17. Qd2 Rbc8 18. h4 Nf6 19. Qb4 Rb8 20. Rd1 b6 21. Bf3 Nb7
22. h5 Nc5 23. Kg2 Ncd7 24. hxg6 hxg6 25. Qh4 Ne5 26. Rh1 Nxf3 27. Kxf3 Qb7 28.
c4 Nxd5 29. cxd5 Qxd5+ 30. Ke3 Qxb3+ 31. Nc3 Qxc3+ 32. Ke2 Rbc8 33. Qh7+ Kf8
34. Bh6 Bxh6 35. Qxh6+ Qg7 36. Qd2 Rc5 37. Kf1 Rec8 38. Kg2 Qe5 39. Rh4 Ke8 40.
Rb2 b5 41. axb5 axb5 42. Ra2 Qd5+ 43. Qxd5 Rxd5 44. Ra7 Rh5 45. Re4 e5 46. Rb7
Rc5 47. Re2 Rf5 48. Ra2 Kf8 49. g4 Rf4 50. Kg3 g5 51. Ra3 b4 52. Rd3 d5 53. Rd7
d4 0-1

[Event "Tch-CRO 1stB Liga 2017"]
[Site "Mali Losinj"]
[Date "2017.10.05"]
[Round "8.44"]
[White "Bilobrk, Franjo"]
[Black "Glavas, Dragan"]
[Result "1/2-1/2"]
[WhiteElo "2362"]
[BlackElo "2285"]
[PlyCount "154"]
[EventDate "2017.09.28"]
[EventType "team"]
[EventRounds "9"]
[EventCountry "CRO"]

1. c4 e6 2. g3 d5 3. Bg2 Nf6 4. Nf3 d4 5. O-O Nc6 6. d3 Be7 7. e3 e5 8. exd4
exd4 9. h3 O-O 10. Na3 h6 11. Nc2 Nh7 12. a3 a5 13. b3 Ng5 14. Nxg5 Bxg5 15.
Re1 Bf6 16. Qh5 Ra6 17. Bd2 g6 18. Qe2 Bg7 19. b4 axb4 20. axb4 Rxa1 21. Nxa1
Bd7 22. Nb3 Re8 23. Qf1 Rxe1 24. Bxe1 b6 25. b5 Nb8 26. Bd2 c5 27. bxc6 Bxc6
28. Qe1 Bxg2 29. Kxg2 Nc6 30. Qe4 Qc8 31. g4 Qe6 32. Qxe6 fxe6 33. Kf3 h5 34.
Ke4 hxg4 35. hxg4 Kf7 36. f4 g5 37. f5 exf5+ 38. gxf5 g4 39. Bf4 Bh8 40. Bc7
Bf6 41. Bxb6 g3 42. Kf3 Be5 43. Ba5 Kf6 44. Be1 Kxf5 45. Bxg3 Bxg3 46. Kxg3 Nb4
47. Nc1 Na6 48. Kf3 Nc5 49. Ke2 Ke5 50. Kd2 Ne6 51. Kc2 Kd6 52. Kb3 Kc5 53. Ka4
Kb6 54. Ka3 Nc5 55. Kb4 Na6+ 56. Ka3 Nc5 57. Kb2 Kc6 58. Kc2 Ne6 59. Nb3 Kd6
60. Nd2 Kc5 61. Kb3 Kd6 62. Ne4+ Kc6 63. Kb4 Nf4 64. Nf2 Ne6 65. Kb3 Nc5+ 66.
Kc2 Ne6 67. Kd2 Kc5 68. Ke2 Nf4+ 69. Kd2 Ne6 70. Ne4+ Kc6 71. Nf6 Kd6 72. Nd5
Nd8 73. Ke2 Nc6 74. Kf3 Kc5 75. Ke4 Na5 76. Nc7 Nxc4 77. Ne6+ Kb4 1/2-1/2

[Event "Tch-CRO 1stB Liga 2017"]
[Site "Mali Losinj"]
[Date "2017.10.05"]
[Round "8.45"]
[White "Franic, Milan"]
[Black "Biliskov, Vjekoslav"]
[Result "0-1"]
[WhiteElo "2356"]
[BlackElo "2271"]
[PlyCount "84"]
[EventDate "2017.09.28"]
[EventType "team"]
[EventRounds "9"]
[EventCountry "CRO"]

1. d4 d6 2. c4 e5 3. Nc3 exd4 4. Qxd4 Nc6 5. Qd2 Nf6 6. g3 Be6 7. Nd5 Ne5 8. b3
Bxd5 9. cxd5 Be7 10. Bg2 O-O 11. Nh3 a5 12. O-O a4 13. Bb2 axb3 14. axb3 Qd7
15. f4 Neg4 16. Qd3 h6 17. Rac1 Rfe8 18. Rc2 Bd8 19. Bd4 Ra5 20. e4 Qb5 21. Rc4
Ra3 22. Rb1 Ra2 23. Nf2 Nxf2 24. Bxf2 Ng4 25. Bd4 f5 26. Re1 Qxd5 27. h3 Rxg2+
28. Kxg2 fxe4 29. Qe2 b5 30. Qxg4 Re7 31. Qc8 bxc4 32. Qxd8+ Kf7 33. Bxg7 Qd2+
34. Kf1 Qd3+ 35. Re2 Qd1+ 36. Kf2 e3+ 37. Rxe3 Qd2+ 38. Kf1 Qxe3 39. Qf8+ Ke6
40. Qc8+ Kd5 41. Qb7+ c6 42. bxc4+ Kc5 0-1

[Event "Tch-CRO 1stB Liga 2017"]
[Site "Mali Losinj"]
[Date "2017.10.05"]
[Round "8.46"]
[White "Jusic, Zdenko"]
[Black "Ciganovic, Nikola"]
[Result "1/2-1/2"]
[WhiteElo "2247"]
[BlackElo "2238"]
[PlyCount "172"]
[EventDate "2017.09.28"]
[EventType "team"]
[EventRounds "9"]
[EventCountry "CRO"]

1. e4 e5 2. Nf3 Nc6 3. Bb5 a6 4. Ba4 Nf6 5. O-O b5 6. Bb3 Be7 7. Re1 O-O 8. c3
d6 9. h3 Nb8 10. d4 Nbd7 11. Nbd2 c5 12. Nf1 exd4 13. cxd4 cxd4 14. Nxd4 Ne5
15. Ng3 g6 16. Bh6 Re8 17. a4 Bb7 18. axb5 axb5 19. Rxa8 Bxa8 20. Nxb5 Qb6 21.
Nd4 d5 22. exd5 Bc5 23. Nge2 Nxd5 24. Qd2 Nb4 25. Ra1 Qb7 26. Qg5 Qe4 27. Rd1
Be7 28. Qg3 Ned3 29. f3 Qh4 30. Qxh4 Bxh4 31. Kh2 Nxb2 32. Rd2 N2d3 33. Ba4 Rd8
34. Bb5 Ne5 35. Bf4 Bf6 36. Be3 Nd5 37. Bf2 Nc7 38. Ba4 Ne6 39. Rc2 Nxd4 40.
Bxd4 Bxf3 41. Bb6 Ra8 42. Nc3 Nc4 43. gxf3 Nxb6 44. Bc6 Rc8 45. Ne2 Be5+ 46.
Kg1 Rc7 47. Be4 Rd7 48. Rc6 Rd6 49. f4 Rxc6 50. Bxc6 Bd6 51. Kf2 Kg7 52. Kf3
Nc8 53. Be4 Ne7 54. Nd4 Bc5 55. Nb5 h5 56. Nc7 Kf8 57. Ke2 Bd6 58. Nd5 Nxd5 59.
Bxd5 Bxf4 60. Kf3 Bd6 61. h4 Bb4 62. Kg3 Be1+ 63. Kh3 Ke7 64. Bb3 f5 65. Ba4
Kf6 66. Be8 f4 67. Bc6 Kf5 68. Bf3 Ke5 69. Bd1 Bf2 70. Bc2 Kf6 71. Bd3 Kg7 72.
Bb5 Kh6 73. Be2 Be1 74. Bf3 Bf2 75. Bd1 Be1 76. Be2 Kg7 77. Bf3 Kf6 78. Be4 Kg7
79. Bf3 Kh6 80. Be2 Bxh4 81. Kxh4 g5+ 82. Kh3 Kg6 83. Bd1 h4 84. Kg4 Kf6 85.
Bf3 Kg6 86. Be4+ Kf6 1/2-1/2

[Event "Tch-CRO 1stB Liga 2017"]
[Site "Mali Losinj"]
[Date "2017.10.05"]
[Round "8.53"]
[White "Levacic, Patrick"]
[Black "Medak, Bojan"]
[Result "1/2-1/2"]
[WhiteElo "2284"]
[BlackElo "2398"]
[PlyCount "20"]
[EventDate "2017.09.28"]
[EventType "team"]
[EventRounds "9"]
[EventCountry "CRO"]

1. e4 e6 2. d4 d5 3. exd5 exd5 4. Nf3 Nf6 5. Bd3 Bg4 6. O-O Be7 7. Re1 O-O 8.
Nbd2 Nc6 9. c3 Re8 10. h3 Bh5 1/2-1/2

[Event "Tch-CRO 1stB Liga 2017"]
[Site "Mali Losinj"]
[Date "2017.10.05"]
[Round "8.54"]
[White "Sertic, Rudolf"]
[Black "Stipic, Marko"]
[Result "1-0"]
[WhiteElo "2382"]
[BlackElo "2167"]
[PlyCount "135"]
[EventDate "2017.09.28"]
[EventType "team"]
[EventRounds "9"]
[EventCountry "CRO"]

1. d4 d6 2. Nf3 Bg4 3. e4 Nf6 4. Nc3 e6 5. d5 e5 6. h3 Bd7 7. a4 g6 8. Bg5 Be7
9. Qd2 O-O 10. Bc4 a6 11. a5 Qe8 12. g4 Kh8 13. Ng1 Ng8 14. f3 f5 15. Be3 Bf6
16. O-O-O Qd8 17. Nge2 f4 18. Bg1 Bh4 19. Kb1 Nh6 20. Nc1 Nf7 21. Be2 Qc8 22.
Nb3 Be8 23. Na2 h6 24. Rc1 c5 25. dxc6 bxc6 26. Bc4 Be7 27. h4 Kg7 28. Nc3 Nd8
29. Na4 Nd7 30. g5 Rh8 31. gxh6+ Rxh6 32. Bf2 Bf7 33. Bxf7 Nxf7 34. Rcg1 Rb8
35. Rg2 Qb7 36. Be1 Rbh8 37. Rgh2 Qb5 38. Nc3 Qc4 39. Qg2 Kf6 40. Nc1 Nc5 41.
b3 Qe6 42. Bf2 Nb7 43. Qf1 Ra8 44. Bb6 Kg7 45. Na4 Bd8 46. Qe1 Bxb6 47. axb6 a5
48. Nd3 Rah8 49. Qc3 Qc8 50. Nxf4 g5 51. Ng2 Rh5 52. Ne3 c5 53. Nf5+ Kf8 54.
Qc4 gxh4 55. Rxh4 Rxh4 56. Rxh4 Rxh4 57. Nxh4 Nfd8 58. Nf5 Qe6 59. Qb5 Qe8 60.
Qf1 Qh5 61. f4 Qf7 62. fxe5 dxe5 63. Qh3 Qf6 64. Nc3 Nf7 65. Nd5 Qg5 66. Kb2
Ke8 67. Ng7+ Qxg7 68. Nc7+ 1-0

[Event "Tch-CRO 1stB Liga 2017"]
[Site "Mali Losinj"]
[Date "2017.10.05"]
[Round "8.55"]
[White "Brzic, Roko"]
[Black "Filipovic, Marko"]
[Result "0-1"]
[WhiteElo "1942"]
[BlackElo "2332"]
[PlyCount "62"]
[EventDate "2017.09.28"]
[EventType "team"]
[EventRounds "9"]
[EventCountry "CRO"]

1. b3 d5 2. Bb2 Bg4 3. h3 Bh5 4. Qc1 e6 5. e3 Nf6 6. Be2 Bxe2 7. Nxe2 Bd6 8. d3
O-O 9. Nd2 c5 10. O-O Nc6 11. f4 Nd7 12. e4 d4 13. e5 Be7 14. Nf3 f6 15. exf6
Nxf6 16. c4 Bd6 17. Qe1 Qc7 18. Bc1 Rae8 19. Qh4 e5 20. fxe5 Nxe5 21. Nxe5 Rxe5
22. Ng3 Re1 23. Rxe1 Bxg3 24. Qg5 Bxe1 25. Bf4 Qe7 26. Be5 Bf2+ 27. Kh1 Be3 28.
Qg3 Nh5 29. Qh2 Bf4 30. Bxf4 Nxf4 31. Qg3 Qe3 0-1

[Event "Tch-CRO 1stB Liga 2017"]
[Site "Mali Losinj"]
[Date "2017.10.05"]
[Round "8.56"]
[White "Vargic, Drago"]
[Black "Dunatov, Kresimir"]
[Result "1-0"]
[WhiteElo "2286"]
[BlackElo "1906"]
[PlyCount "61"]
[EventDate "2017.09.28"]
[EventType "team"]
[EventRounds "9"]
[EventCountry "CRO"]

1. e4 d6 2. d4 Nf6 3. Nc3 c6 4. f4 Qa5 5. Bd3 e5 6. Nf3 exd4 7. Nxd4 Qb6 8. Nf3
Be7 9. Na4 Qa5+ 10. Nc3 Qb6 11. Qe2 O-O 12. Rb1 Nbd7 13. Be3 Qc7 14. O-O Nc5
15. h3 Re8 16. Qf2 Bf8 17. Bxc5 dxc5 18. e5 Nh5 19. g4 c4 20. Bxh7+ Kxh7 21.
Ng5+ Kg8 22. Qh4 Bxg4 23. hxg4 f6 24. Nge4 Nxf4 25. Rxf4 Qxe5 26. g5 Bc5+ 27.
Kg2 Be3 28. Rxf6 Bxg5 29. Nxg5 Qxf6 30. Qh7+ Kf8 31. Rf1 1-0

[Event "Tch-CRO 1stB Liga 2017"]
[Site "Mali Losinj"]
[Date "2017.10.06"]
[Round "9.11"]
[White "Indjic, Aleksandar"]
[Black "Stojanovski, Dejan"]
[Result "1-0"]
[WhiteElo "2574"]
[BlackElo "2454"]
[PlyCount "128"]
[EventDate "2017.09.28"]
[EventType "team"]
[EventRounds "9"]
[EventCountry "CRO"]

1. d4 Nf6 2. c4 e6 3. Nf3 b6 4. Nc3 Bb4 5. e3 Bb7 6. Bd3 Ne4 7. Qc2 f5 8. O-O
Bxc3 9. bxc3 O-O 10. c5 Nc6 11. Rb1 Rb8 12. cxb6 axb6 13. c4 Ne7 14. Ne1 c5 15.
f3 Nd6 16. Qc3 Nf7 17. d5 Nd6 18. Bb2 Ne8 19. e4 fxe4 20. fxe4 Rxf1+ 21. Bxf1
Ng6 22. Nf3 d6 23. dxe6 Qe7 24. e5 Bxf3 25. exd6 Nxd6 26. Qxf3 Qxe6 27. Qc3 Nf5
28. Re1 Qd6 29. g3 Nd4 30. Bg2 Rf8 31. Qe3 Qf6 32. Rf1 Qd6 33. Bd5+ Kh8 34.
Rxf8+ Nxf8 35. Bxd4 cxd4 36. Qxd4 Nd7 37. Kg2 h6 38. Qg4 Nf6 39. Qc8+ Kh7 40.
Qf5+ Kh8 41. Qc8+ Kh7 42. Qe6 Qa3 43. Qe2 Qd6 44. Bf3 Qd4 45. h4 g5 46. Qc2+
Kg7 47. h5 Kf8 48. Qg6 Ke7 49. Qg7+ Kd6 50. Qxh6 Qd2+ 51. Kh1 Qe1+ 52. Kh2 Qd2+
53. Bg2 Ke5 54. Qg7 Kf5 55. Kh3 g4+ 56. Kh2 Nxh5 57. Qh7+ Kg5 58. Qe7+ Nf6 59.
c5 Kf5 60. cxb6 Qh6+ 61. Kg1 Qc1+ 62. Bf1 Nd5 63. Qf7+ Ke5 64. b7 Qb1 1-0

[Event "Tch-CRO 1stB Liga 2017"]
[Site "Mali Losinj"]
[Date "2017.10.06"]
[Round "9.12"]
[White "Saric, Ante"]
[Black "Popovic, Dusan"]
[Result "1/2-1/2"]
[WhiteElo "2549"]
[BlackElo "2528"]
[PlyCount "59"]
[EventDate "2017.09.28"]
[EventType "team"]
[EventRounds "9"]
[EventCountry "CRO"]

1. Nf3 g6 2. d4 Bg7 3. c4 d6 4. Nc3 Nd7 5. e4 e5 6. Be2 Ngf6 7. O-O O-O 8. Be3
Qe7 9. Qc2 exd4 10. Nxd4 c6 11. Rfe1 a5 12. Rad1 Nc5 13. f3 a4 14. Qd2 Nfd7 15.
Bf1 Re8 16. Bh6 Bf6 17. Nc2 Be5 18. Bg5 Qf8 19. Bh6 Qe7 20. Be3 Qf6 21. Nd4 Qe7
22. Bf2 Bg7 23. Qc2 Ne5 24. h3 Qf6 25. Qd2 Ne6 26. Be3 Nxd4 27. Bxd4 g5 28. Be3
h6 29. Qxd6 Qxd6 30. Rxd6 1/2-1/2

[Event "Tch-CRO 1stB Liga 2017"]
[Site "Mali Losinj"]
[Date "2017.10.06"]
[Round "9.13"]
[White "Medak, Bojan"]
[Black "Saric, Ibro"]
[Result "0-1"]
[WhiteElo "2398"]
[BlackElo "2553"]
[PlyCount "66"]
[EventDate "2017.09.28"]
[EventType "team"]
[EventRounds "9"]
[EventCountry "CRO"]

1. Nf3 b6 2. g3 Bb7 3. Bg2 Nf6 4. O-O g6 5. b3 Bg7 6. Bb2 O-O 7. c4 c5 8. Nc3
Na6 9. d4 e6 10. Qd2 Qe7 11. Rfe1 d5 12. cxd5 exd5 13. Rac1 Ne4 14. Qc2 cxd4
15. Nxe4 dxe4 16. Nxd4 Rac8 17. Qb1 Nc5 18. Nb5 e3 19. f3 Bxb2 20. Qxb2 a6 21.
Nc3 Rfd8 22. Red1 Ne6 23. Rxd8+ Rxd8 24. Rd1 Nd4 25. Kf1 Nf5 26. Rxd8+ Qxd8 27.
f4 Bxg2+ 28. Kxg2 Qa8+ 29. Kg1 Nd4 30. h3 h5 31. Qb1 Qc6 32. Nd1 Nxe2+ 33. Kh2
Qf3 0-1

[Event "Tch-CRO 1stB Liga 2017"]
[Site "Mali Losinj"]
[Date "2017.10.06"]
[Round "9.14"]
[White "Plenca, Julijan"]
[Black "Biti, Ozren"]
[Result "1/2-1/2"]
[WhiteElo "2416"]
[BlackElo "2345"]
[PlyCount "66"]
[EventDate "2017.09.28"]
[EventType "team"]
[EventRounds "9"]
[EventCountry "CRO"]

1. e4 e5 2. Nf3 Nf6 3. Nxe5 Nxe4 4. d4 d6 5. Nf3 d5 6. Bd3 Be7 7. O-O Nd6 8.
Bf4 O-O 9. h3 Nd7 10. Nbd2 Nf6 11. b3 Re8 12. Re1 c6 13. g4 Nde4 14. c4 Bb4 15.
Qc2 h5 16. g5 Nxd2 17. Bxd2 Bxd2 18. Rxe8+ Nxe8 19. Qxd2 Bxh3 20. Re1 g6 21.
Qf4 Ng7 22. Ne5 Bf5 23. Bxf5 Nxf5 24. c5 Rc8 25. Nf3 Rc7 26. Re5 Re7 27. Rxf5
gxf5 28. Ne5 Qa5 29. Qxf5 Qe1+ 30. Kh2 Qe4 31. Qf6 Rxe5 32. dxe5 d4 33. g6 Qxg6
1/2-1/2

[Event "Tch-CRO 1stB Liga 2017"]
[Site "Mali Losinj"]
[Date "2017.10.06"]
[Round "9.15"]
[White "Sertic, Rudolf"]
[Black "Matko, Ognjen"]
[Result "1-0"]
[WhiteElo "2382"]
[BlackElo "2330"]
[PlyCount "123"]
[EventDate "2017.09.28"]
[EventType "team"]
[EventRounds "9"]
[EventCountry "CRO"]

1. d4 Nf6 2. Nf3 c5 3. e3 g6 4. dxc5 Qa5+ 5. Nbd2 Bg7 6. Bd3 O-O 7. O-O Qxc5 8.
e4 Qc7 9. c3 d5 10. Re1 Nc6 11. h3 Rd8 12. Qe2 Nh5 13. Nb3 Nf4 14. Bxf4 Qxf4
15. e5 Bf5 16. Bxf5 Qxf5 17. Rad1 Qc8 18. e6 Qxe6 19. Qxe6 fxe6 20. Rxe6 Bf6
21. Nc5 Kf7 22. Re2 b6 23. Nd3 d4 24. c4 Rac8 25. b3 Rd6 26. Rde1 Rcd8 27. Nd2
R6d7 28. f4 Rc8 29. g3 Rdc7 30. Nf3 Rd8 31. g4 Rdc8 32. Kg2 Rd8 33. Kg3 Rdc8
34. g5 Bg7 35. Kg4 Rd8 36. f5 gxf5+ 37. Kxf5 b5 38. cxb5 Rd5+ 39. Ke4 Rxb5 40.
Rc2 Ke6 41. Rec1 Kd6 42. h4 Rbb7 43. Rc4 Rb5 44. R1c2 Rbb7 45. Rc5 e6 46. b4
Ne7 47. Nf4 Nd5 48. Nxd5 exd5+ 49. Rxd5+ Ke6 50. Rxc7 Rxc7 51. Nxd4+ Bxd4 52.
Kxd4 Rf7 53. Ke4 Rc7 54. Rc5 Rb7 55. b5 Rf7 56. Rc6+ Kd7 57. Rh6 Kc8 58. a4 Kb7
59. Ke5 Rc7 60. Kd6 Rf7 61. Rf6 Rc7 62. a5 1-0

[Event "Tch-CRO 1stB Liga 2017"]
[Site "Mali Losinj"]
[Date "2017.10.06"]
[Round "9.16"]
[White "Bobanac, Miro"]
[Black "Filipovic, Marko"]
[Result "1-0"]
[WhiteElo "2292"]
[BlackElo "2332"]
[PlyCount "108"]
[EventDate "2017.09.28"]
[EventType "team"]
[EventRounds "9"]
[EventCountry "CRO"]

1. b3 d5 2. Bb2 Bg4 3. f3 Bf5 4. e3 e6 5. Ne2 h5 6. Nbc3 Nf6 7. d4 h4 8. Qd2
Nbd7 9. O-O-O c6 10. Nf4 Qc7 11. Bd3 Bxd3 12. Nxd3 O-O-O 13. Kb1 g6 14. e4 Re8
15. Qf2 Be7 16. e5 Nh5 17. g4 Ng7 18. h3 a6 19. Ne2 c5 20. dxc5 Nxc5 21. Bd4 b6
22. Rc1 Kb7 23. Rhd1 Rc8 24. Nb2 b5 25. Nd3 Nd7 26. c4 bxc4 27. bxc4 dxc4 28.
Nb2 Ka8 29. Rxc4 Qb7 30. Rdc1 Rxc4 31. Rxc4 Rc8 32. Rc3 Rxc3 33. Nxc3 Ne8 34.
Qe3 Nc7 35. Kc2 Nb5 36. Nxb5 axb5 37. Qf4 Bc5 38. Nd3 Bxd4 39. Qxd4 Qc6+ 40.
Kd2 Kb7 41. Ke3 Nb6 42. Kf4 Qc2 43. Kg5 Nd5 44. Kxh4 Qxa2 45. Nc5+ Ka8 46. Ne4
b4 47. Qc5 b3 48. Qf8+ Kb7 49. Qxf7+ Nc7 50. Nc5+ Kb6 51. Nxe6 b2 52. Qxc7+ Ka6
53. Qc6+ Ka7 54. Qc5+ Kb8 1-0

[Event "Tch-CRO 1stB Liga 2017"]
[Site "Mali Losinj"]
[Date "2017.10.06"]
[Round "9.24"]
[White "Stipic, Marko"]
[Black "Bilobrk, Franjo"]
[Result "1/2-1/2"]
[WhiteElo "2167"]
[BlackElo "2362"]
[PlyCount "21"]
[EventDate "2017.09.28"]
[EventType "team"]
[EventRounds "9"]
[EventCountry "CRO"]

1. d4 e6 2. c4 Nf6 3. Nf3 b6 4. Nc3 Bb7 5. g3 Be7 6. Bg2 O-O 7. O-O Ne4 8. Nxe4
Bxe4 9. Ne1 Bxg2 10. Kxg2 d5 11. cxd5 1/2-1/2

[Event "Tch-CRO 1stB Liga 2017"]
[Site "Mali Losinj"]
[Date "2017.10.06"]
[Round "9.31"]
[White "Livaic, Leon"]
[Black "Fercec, Nenad"]
[Result "1-0"]
[WhiteElo "2461"]
[BlackElo "2460"]
[PlyCount "119"]
[EventDate "2017.09.28"]
[EventType "team"]
[EventRounds "9"]
[EventCountry "CRO"]

1. d4 Nf6 2. c4 e6 3. Nf3 Bb4+ 4. Nbd2 O-O 5. a3 Be7 6. e4 d6 7. Be2 Nfd7 8.
Nb1 e5 9. Nc3 exd4 10. Nxd4 Re8 11. O-O Bf8 12. Be3 Nc6 13. Qc2 Nde5 14. Rad1
Bd7 15. Rd2 Nxd4 16. Bxd4 c6 17. c5 Ng6 18. Be3 Qc7 19. Rfd1 d5 20. b4 Nf4 21.
Bf3 d4 22. Rxd4 Be6 23. Qd2 Ng6 24. Be2 a5 25. f4 axb4 26. axb4 f5 27. exf5
Bxf5 28. g4 Bc2 29. Bc4+ Kh8 30. Re1 Ba4 31. Rd7 Qb8 32. Bf7 Re7 33. Bxg6 Rxd7
34. Qxd7 hxg6 35. Nxa4 Rxa4 36. Bd4 Ra8 37. Be5 Qd8 38. Qxd8 Rxd8 39. Ra1 Kg8
40. Ra7 Rd7 41. Kf2 Kf7 42. Ke3 Be7 43. Ke4 Ke6 44. Bxg7 Bxc5 45. bxc5 Rxg7 46.
Ra3 Rh7 47. h3 Rh8 48. Rd3 Ra8 49. Rd6+ Kf7 50. f5 gxf5+ 51. Kxf5 Ra5 52. Rd7+
Ke8 53. Rxb7 Rxc5+ 54. Kg6 Rc4 55. Kh5 c5 56. g5 Rd4 57. g6 Kf8 58. Rf7+ Kg8
59. Rc7 c4 60. h4 1-0